| Tag |
First Indicator |
Second Indicator |
Subfields |
| LEADER |
00000cam a22000008a 4500 |
| 001 |
in00000014516 |
| 005 |
20151007052231.0 |
| 008 |
851017c19861977enk b 00010 eng |
| 010 |
|
|
|a 85026935
|
| 020 |
|
|
|a 0714525227 (pbk.) :
|c $9.95
|
| 035 |
|
|
|a (OCoLC)12808653
|
| 035 |
|
|
|9 AAA6885AM
|
| 040 |
|
|
|a DLC
|c DLC
|d m/c
|d TXA
|d UtOrBLW
|
| 041 |
1 |
|
|a eng
|a fre
|
| 043 |
|
|
|a a-cc---
|
| 049 |
|
|
|a TXAM
|c [A11488014]
|
| 050 |
0 |
0 |
|a HQ1767
|b .K7513 1986
|
| 082 |
0 |
|
|a 305.4/2/0951
|2 19
|
| 100 |
1 |
|
|a Kristeva, Julia,
|d 1941-
|
| 240 |
1 |
0 |
|a Des Chinoises.
|l English
|
| 245 |
1 |
0 |
|a About Chinese women /
|c Julia Kristeva ; translated from the French by Anita Barrows.
|
| 264 |
|
1 |
|a London ;
|a New York :
|b M. Boyars ;
|c 1986.
|
| 264 |
|
2 |
|a [New York] :
|b Distributed in the U.S. by Scribner,
|
| 264 |
|
4 |
|c ©1977
|
| 300 |
|
|
|a 204 unnumbered pages :
|b illustrations
|
| 336 |
|
|
|a text
|b txt
|2 rdacontent
|
| 337 |
|
|
|a unmediated
|b n
|2 rdamedia
|
| 338 |
|
|
|a volume
|b nc
|2 rdacarrier
|
| 500 |
|
|
|a Translation of: Des Chinoises.
|
| 504 |
|
|
|a Bibliography: pages [203]-[204].
|
| 650 |
|
0 |
|a Women
|z China
|x History.
|
| 999 |
|
|
|a MARS
|
| 999 |
f |
f |
|s 6f5cbb04-bbb5-3be6-a1cf-480985cc5155
|i 332aaea2-84d0-300a-92ab-05a61f7f39a6
|t 0
|
| 952 |
f |
f |
|p ric
|a Texas A&M University
|b Rellis Campus
|c Joint Library Facility
|d Remote Storage
|t 0
|e HQ1767 .K7513 1986
|h Library of Congress classification
|i unmediated -- volume
|m A14811488014
|
| 998 |
f |
f |
|a HQ1767 .K7513 1986
|t 0
|l Remote Storage
|